|
|
|
|
| LEADER |
00000nab a2200000 a 4500 |
| 001 |
vtls000836404 |
| 003 |
SK-MaSNL |
| 005 |
20260302162637.0 |
| 008 |
140423c2003 xo 0 slo |
| 015 |
|
|
|a SNBRB2003/06-16227
|
| 035 |
|
|
|a CLN000188059
|
| 040 |
|
|
|a SNKBUCL
|b slo
|c SNKBUCL
|e AACR2
|
| 041 |
0 |
|
|a slo
|
| 044 |
|
|
|a xo
|c SK
|
| 080 |
|
|
|a 791.43(437.6)
|2 1997
|
| 080 |
|
|
|a 791.43.05(437.6)
|2 1997
|
| 100 |
1 |
|
|a Vraštiak, Štefan,
|d 1942-2016
|4 aut
|9 106470
|
| 245 |
1 |
0 |
|a Dva dokumenty
|c Štefan Vraštiak
|
| 300 |
|
|
|b Fotogr.
|
| 630 |
0 |
7 |
|a Keď sme boli deti (film)
|x recenzie
|2 snkbucl
|9 862663
|
| 630 |
0 |
7 |
|a Z denníka jedného vagóna (film)
|x recenzie
|2 snkbucl
|9 862664
|
| 655 |
|
7 |
|a články z novín a časopisov
|2 snkbucl
|9 267496
|
| 773 |
0 |
|
|t Literárny týždenník
|g Roč. 16, č. 17 (2003), s. 11
|x 0862-5999
|
| 850 |
|
|
|a Slovenská národná knižnica v Martine
|
| 852 |
|
|
|a SNK
|b KIS3GCP
|
| 958 |
|
|
|a RC
|
| 992 |
|
|
|a RBX
|
| 999 |
|
|
|c 1380837
|d 1382767
|